000
00467nam a2200145Ia 4500
008
090124s9999 xx 000 0 und d
082
_b
201609
245
_a
मराठी लघुकथासंग्रह
250
_a
1
260
_b
भागवत अच्युत के.
_c
1963
300
_a
350
630
_a
मराठी लघुकथासंग्रह
730
_a
मराठी लघुकथासंग्रह
942
_c
BOOK
999
_c
183190
_d
183190